Neues Wilhelm Busch Album (Record no. 8021)
[ view plain ]
| 000 -CABECERA | |
|---|---|
| campo de control de longitud fija | 00675nam a2200217 a 4500 |
| 001 - NÚMERO DE CONTROL | |
| campo de control | BRCA_8353 |
| 005 - FECHA Y HORA DE LA ÚLTIMA TRANSACCIÓN | |
| campo de control | 20190320210238.0 |
| 008 - DATOS DE LONGITUD FIJA--INFORMACIÓN GENERAL | |
| campo de control de longitud fija | 170714s1900----gw-a###f##---#000-0#ger-# |
| 041 ## - CÓDIGO DE LENGUA | |
| Código de lengua del texto/banda sonora o título independiente | ger |
| 044 ## - CÓDIGO DEL PAÍS DE LA ENTIDAD EDITORA/PRODUCTORA | |
| Código MARC del país | gw |
| 050 #4 - SIGNATURA TOPOGRÁFICA DE LA BIBLIOTECA DEL CONGRESO | |
| Número de clasificación | NC1509 |
| Número de documento/Ítem | .W5 1900 |
| 100 1# - ENTRADA PRINCIPAL--NOMBRE DE PERSONA | |
| Nombre de persona | Busch, Wilhelm |
| Fechas asociadas al nombre | 1832-1908 |
| 9 (RLIN) | 20911 |
| 245 10 - MENCIÓN DE TÍTULO | |
| Título | Neues Wilhelm Busch Album |
| Resto del título | sammlung lustiger bildergeschichten, mit 1500 bildern. Heiteres und ernstes aus seiner lebenswerkstatt |
| Mención de responsabilidad, etc. | Wilhelm Busch. |
| 260 ## - PUBLICACIÓN, DISTRIBUCIÓN, ETC. | |
| Lugar de publicación, distribución, etc. | Alemania |
| Nombre del editor, distribuidor, etc. | B. Mohn |
| Fecha de publicación, distribución, etc. | [1900?] |
| 300 ## - DESCRIPCIÓN FÍSICA | |
| Extensión | 415 p. |
| Otras características físicas | il., 1500 dibujos |
| Dimensiones | 31 cm. |
| 500 ## - NOTA GENERAL | |
| Nota general | Ver también R89 e Y98 |
| 500 ## - NOTA GENERAL | |
| Nota general | R90 |
| 650 14 - PUNTO DE ACCESO ADICIONAL DE MATERIA--TÉRMINO DE MATERIA | |
| Término de materia o nombre geográfico como elemento de entrada | Humorismo alemán |
| 9 (RLIN) | 6123 |
| 902 ## - CATALOGADOR | |
| Iniciales | GFM |
| 942 ## - ELEMENTOS DE PUNTO DE ACCESO ADICIONAL (KOHA) | |
| Fuente del sistema de clasificación o colocación | Library of Congress Classification |
| Tipo de ítem Koha | Libros |
| Estado de retiro | Estado de pérdida | Estado dañado | No para préstamo | Localización permanente | Ubicación/localización actual | Fecha de adquisición | Número de inventario | Total de préstamos | Signatura topográfica completa | Código de barras | Fecha visto por última vez | Precio válido a partir de | Tipo de ítem Koha |
|---|---|---|---|---|---|---|---|---|---|---|---|---|---|
| El ejemplar forma parte de la colección y puede ser consultado según las políticas vigentes. | Biblioteca del Museo Franz Mayer (Rogerio Casas-Alatriste) | Biblioteca del Museo Franz Mayer (Rogerio Casas-Alatriste) | 17/07/2014 | R90 | NC1509 .W5 1900 (R90) | 8977 | 22/03/2019 | 22/03/2019 | Libros |